Spokane Neighborhoods - Statistics

General Stats
  • This quiz has been taken 112 times
  • The average score is 15 of 29
Answers on the Map
Answers color-coded by a green-red scale on the quiz's map according to % correct below.
 
Answer Stats
Population Neighborhood % Correct
3,071 Riverside
83%
2,959 Browne's Addition
76%
6,678 Hillyard
76%
4,867 Manito/Cannon Hill
70%
14,272 Lincoln Heights
59%
8,813 Audubon/Downriver
57%
6,615 Comstock
57%
4,337 Rockwood
57%
9,700 Southgate
57%
9,690 Emerson/Garfield
54%
12,320 North Hill
54%
8,754 West Central
54%
12,126 East Central
52%
6,075 Chief Garry Park
50%
13,750 Nevada Heights
50%
278 Peaceful Valley
50%
4,938 Latah/Hangman
48%
10,831 Logan
48%
13,367 Northwest
48%
5,645 Balboa/South Indian Trail
46%
4,691 Five Mile Prairie
46%
3,897 Minnehaha
46%
8,633 Bemiss
41%
8,352 Cliff-Cannon
41%
3,741 Whitman
39%
7,577 North Indian Trail
37%
3,690 West Hills
35%
15,944 Shiloh Hills
26%
1,448 Grandview/Thorpe
22%
No matching quizzes found
Score Distribution
Percent of People with Each Score
Percentile by Number Answered
Your Score History
You have not taken this quiz